| 000 | 00751nam a22002297a 4500 | ||
|---|---|---|---|
| 005 | 20170124105920.0 | ||
| 010 | _aA-809149 | ||
| 020 |
_c00.00 _a8171761704 |
||
| 035 | _aA-809149 | ||
| 037 | _bCen Lib/Ret | ||
| 040 |
_aDPL _bEN |
||
| 082 |
_a306.874 _bSAN |
||
| 100 |
_aSanders, Randolph K. _94131 |
||
| 245 |
_aA Parent's bedside companion : _cby Randolph K. Sanders _binspiration for parents of young children / |
||
| 260 |
_aBombay _bPauline Publications _c1970 |
||
| 270 |
_bBombay _a143 Waterfield Road, Bandra _e400050 |
||
| 300 |
_a154p. _c21cm(Hb) |
||
| 500 | _aIncludes bibliographical references and index | ||
| 650 |
_aParenting _94132 |
||
| 650 |
_aChild care-parenting _94133 |
||
| 942 |
_2ddc _cEN _h306.874 _mSAN |
||
| 999 |
_c123099 _d123099 |
||